| 000 | 00645nam a2200229 a 4500 | ||
|---|---|---|---|
| 005 | 20140310183513.0 | ||
| 008 | 101115s19uu xx 00 eng d | ||
| 020 | _a9789810697013 | ||
| 050 |
_aHD 30.28 _b.D249 2009 |
||
| 100 | _aDavid, Fred | ||
| 245 |
_aStrategic Management: _bconcepts and cases./ _cFred R. David. |
||
| 250 | _a12th ed. | ||
| 260 |
_aSingapore : _bPearson Education, _c2011. |
||
| 300 |
_a325 p. : _c25 cm. |
||
| 521 | _aBSBA | ||
| 650 | _aStrategic management. | ||
| 650 | _aManagement- Concepts. | ||
| 650 | _aStrategic Management-case studies. | ||
| 942 |
_cBK _2lcc _kFOR |
||
| 999 |
_c24236 _d24236 |
||